000 01118nam a22003257a 4500
001 BR8102616
003 BR-BrBNA
005 20230928090942.0
007 ta
008 230509b bl.||||| |||| 00| 0 por d
040 _aBR-BrBNA
_bpor
_cBiblioteca Nacional de Agricultura
041 _a(Por)
072 _aH10
_b1126
_b4030
_b/G514
090 _ 1126 BR8102616
100 1 _aSanches, N.F.
110 1 _aEscola Superior de Agricultura Luiz de Queiroz, Piracicaba, SP (Brasil)
_0Tese (Mestre em Entomologia)
245 1 _aA acarofauna do abacaxizeiro (Ananas comosus (L.)Merril)na Bahia e sua entomofauna [Brasil]
246 1 _aThe mites of pineapple (Ananas comosus (L.)Merril)in the state of Bahia, Brazil, and its insect fauna in the country
260 3 _aPiracicaba, SP (Brasil):
_c1980.
300 _a113 p.
500 _a10 illus.; 23 tables; Bibliography p. 81-99 (161 ref.); Summaries (Eng, Por)
650 _aPraga de planta
650 _aAbacaxi
650 _aAcaro
650 _aEntomologia
650 _aFauna
650 _aBahia
909 _a202309
_bLucia
_c55
_dLucia Elande
942 _cBK
999 _c31425
_d31425